|
|
|
|
| LEADER |
00000naa2a2200000 4500 |
| 001 |
177805 |
| 005 |
20251204163911.0 |
| 035 |
|
|
|a (RuTPU)RU\TPU\book\192779
|
| 090 |
|
|
|a 177805
|
| 100 |
|
|
|a 20100325d2009 k y0rusy50 ca
|
| 101 |
0 |
|
|a rus
|
| 102 |
|
|
|a RU
|
| 200 |
1 |
|
|a Казахстан. Развитие рынка электроэнергии
|f С. А. Пономарёв
|
| 320 |
|
|
|a Библиогр.: 4 назв.
|
| 463 |
|
1 |
|0 (RuTPU)RU\TPU\book\189735
|t Энергетика: экология, надежность, безопасность
|o материалы докладов XV Всероссийской научно-технической конференции, 9-11 декабря 2009 г., Томск
|f Томский политехнический университет (ТПУ) [и др.] ; под ред. В. В. Литвака
|v С. 124-127
|d 2009
|
| 610 |
1 |
|
|a электроэнергия
|
| 610 |
1 |
|
|a рынок
|
| 610 |
1 |
|
|a Казахстан
|
| 610 |
1 |
|
|a труды учёных ТПУ
|
| 700 |
|
1 |
|a Пономарёв
|b С. А.
|
| 801 |
|
1 |
|a RU
|b 63413507
|c 20100325
|
| 801 |
|
2 |
|a RU
|b 63413507
|c 20140228
|g RCR
|
| 942 |
|
|
|c BK
|